000 01123nam a2200313Ia 4500
005 20220317001756.0
008 170328s2007 s g 000 0 s
020 _a9788481648959
041 _aspa
082 0 4 _a335.82
_bW23e
100 1 _aWeil, Simone
_d1909-1943
245 1 0 _aEscritos históricos y políticos
_cSimone Weil ; prólogo de Francisco Fernández Buey ; traducción de Agustín López y María Tabuyo
250 _a1a. edición
300 _a539 páginas
_c23 cm
490 _aEstructuras y procesos : ciencias sociales
500 _aIncluye notas
534 _tÉcrits historiques et politiques
650 1 4 _2LEMB
_aEnsayos, conferencias, etc
_xHistoria
_y1933-1945
_zAlemania
650 1 4 _2LEMB
_aTrabajo y trabajadores
650 1 4 _2LEMB
_aSindicalismo
_xHistoria y critica
700 1 _aLópez, Agustín
_etraductor
_990559
700 1 _aTabuyo, María
_etraductora
_990560
942 _2ddc
_cBK
264 _aMadrid
_bTrotta
_cc2007
336 _atexto
_btxt
_2rdacontent
337 _asin mediación
_bn
_2rdamedia
338 _avolumen
_bnc
_2rdacarrier
040 _aCO-BoRNBP
_bspa
_erda
_cCO-BoRNBP
999 _c8056
_d8056